LEADER 02777nam 22006373u 450 001 9910698586003321 005 20240617065500.0 010 $a9781598753110 010 $a1598753118 035 $a(CKB)1000000000345842 035 $a(EBL)228924 035 $a(OCoLC)191037682 035 $a(SSID)ssj0000356451 035 $a(PQKBManifestationID)12153209 035 $a(PQKBTitleCode)TC0000356451 035 $a(PQKBWorkID)10341882 035 $a(PQKB)10968956 035 $a(MiAaPQ)EBC228924 035 $a(Au-PeEL)EBL228924 035 $a(OCoLC)855305212 035 $a(OCoLC)238659575 035 $a(OCoLC)1228350300 035 $a(EXLCZ)991000000000345842 100 $a20130418d2004|||| uh 0 101 0 $aeng 135 $aur|n|---||||| 181 $ctxt 182 $cc 183 $acr 200 10$aAir Education and Training Command cost and capacity system $eimplications for organizational and data flow changes /$fBart Bennett [et al.] 205 $a1st ed. 210 $aSanta Monica, CA $cRAND Corporation$d2004 210 1$a[Washington, D.C.] :$cU.S. Air Force,$d[2005] 215 $a1 online resource (xx, 100 pages) $cillustrations 225 1 $aU.S. Air Force Fact Sheet 300 $aDescription based upon print version of record. 311 1 $a9780833035035 311 1 $a0833035037 327 $aPreliminaries; Preface; Contents; FIGURES; TABLES; SUMMARY; ACKNOWLEDGMENTS; ACRONYMS AND INITIALISMS; 1. INTRODUCTION; 2. MODEL TRAINING MANAGEMENT STRUCTURE AND ASSOCIATED INFORMATION NEEDS AND FLOWS; 3. CURRENT AETC TRAINING MANAGEMENT STRUCTURE AND DATA FLOWS; 4. FINDINGS AND FUTURE WORK; Appendix; Bibliography 330 $aAn examination of Air Force training management and decision processes and the data needed for informed decisionmaking. A model of management is developed to evaluate the data flow in the AETC training pipeline. The study concludes that consolidation of the strategic management functions would resolve many current data flow problems, and methodological tools, including simulations, should be developed to improve data combination and interpretation, particularly in the area of cost. 606 $aMilitary education$zUnited States 615 0$aMilitary education 676 $a358.4/15/0684 700 $aBennett$b Bart$f1959-$01352842 701 $aManacapilli$b Thomas$0904726 701 $aGalway$b Lionel A.$f1950-$01138240 701 $aWeed$b Joshua C$01352843 712 02$aProject Air Force (U.S.) 712 02$aRand Corporation. 801 0$bAU-PeEL 801 1$bAU-PeEL 801 2$bAU-PeEL 906 $aBOOK 912 $a9910698586003321 996 $aAir Education and Training Command cost and capacity system$93204142 997 $aUNINA